Nicaragua: nueve años de revolución los desafíos continúan
Despúes de la guerra civil que culminó con la caída de Somoza, lucha que costó 50 mil víctimas y tras el triunfo de la revolución, la guerra cambia de carácter y pasa a ser un conflicto entre Nicaragua y el gobierno de Estados Unidos, una guerra de desgaste humano y económico que lleva ya nueve años...
Bewaard in:
| Formaat: | Texto |
|---|---|
| Onderwerpen: | |
| Tags: |
Voeg label toe
Geen labels, Wees de eerste die dit record labelt!
|
MARC
| LEADER | 00000 a a2200000 04500 | ||
|---|---|---|---|
| 001 | 4069 | ||
| 003 | |||
| 040 | |||
| 245 | |a Nicaragua: |b nueve años de revolución los desafíos continúan | ||
| 520 | |a Despúes de la guerra civil que culminó con la caída de Somoza, lucha que costó 50 mil víctimas y tras el triunfo de la revolución, la guerra cambia de carácter y pasa a ser un conflicto entre Nicaragua y el gobierno de Estados Unidos, una guerra de desgaste humano y económico que lleva ya nueve años. La guerra no puede verse como una continuación del enfrentamiento entre el pueblo de Nicaragua y sus opresores, porque los sectores dominantes han tenido cabida en el régimen de economía mixta, se puede ver la guerra como consecuencia externa. Al crear Nicaragua un régimen económico-social diferente al resto de los países centroamericanos, es vista como una amenaza para sus vecinos |a pero son sus vecinos, articulados a la política de agresión impulsada por Estados Unidos, los que se han convertido en amenazas para Nicaragua. Sin embargo ésta ha demostrado en los Acuerdos de Esquipulas, que quiere y puede hacer conseciones para alcanzar la paz, la cual es posible en Nicaragua porque el conflicto y las fuerzas que se oponen no son internas ni regionales, sino que obedecen a una estrategia de la política norteamericana que siente amenazados sus intereses estratégicos en ese sentido el futuro de la región y de cada proyecto nacional depende de posiciones cada vez más conjuntas, incluso frente a los Estados Unidos. VJ/MR | ||
| 650 | |a REVOLUCION | ||
| 650 | |a GUERRA | ||
| 650 | |a AGRESION | ||
| 650 | |a RELACIONES NORTE |z -SUR | ||
| 650 | |a PAZ | ||
| 650 | |a RESISTENCIA AL CAMBIO | ||
| 650 | |a IMPERIALISMO | ||
| 773 | |g volumen 1, número 9; páginas 10-12 | ||
| 999 | |c 25327 |d 25327 | ||
| 773 | 0 | |0 43166 |9 4799 |a Programa de Estudios de Centroamérica |d México, D.F.: Programa de Estudios de Centroamérica |o MFN: 1126 |t Coyuntura Centroamericana / | |
